|
|
|
|
| LEADER |
00000nam a22000007a 4500 |
| 005 |
20190414194752.0 |
| 007 |
cr|||| |||| |
| 008 |
190414s2019 es |||||s|||| 00||0 spa d |
| 020 |
|
|
|a 978-84-945146-0-9
|
| 035 |
|
|
|a 23134
|
| 040 |
|
|
|a vLex
|
| 090 |
|
|
|c 8625
|d 8625
|
| 100 |
1 |
|
|a Bulnes, Mar Jimeno
|
| 245 |
1 |
0 |
|a Nuevos horizontes del derecho procesal
|h [Recurso electrn̤ico] /
|c Mar Jimeno Bulnes, Julio Přez Gil
|
| 256 |
|
|
|a Servicio en ln̕ea
|
| 260 |
|
|
|a Barcelona:
|b J.M. Bosch Editor,
|c 2019
|
| 300 |
|
|
|a 1 recurso electrn̤ico
|
| 506 |
1 |
|
|a Disponible solo en los productos indicados
|d vLex Global
|d vLex Global (Academic Edition, excluding Law Schools)
|d vLex Global (U.S. Academic Edition, Law Schools)
|d vLex Global (U.S. Academic Edition, excluding Law Schools)
|d vLex Global (Academic Edition, Law Schools)
|
| 650 |
0 |
4 |
|a Derecho Procesal
|z Espaą
|
| 700 |
1 |
|
|a Přez Gil, Julio
|
| 740 |
0 |
|
|a vLex Libros (Servicio en ln̕ea)
|
| 856 |
4 |
0 |
|u http://vlex.com/source/nuevos-horizontes-derecho-procesal-23134
|z Acceso restringido
|
| 942 |
|
|
|c BOOK
|
| 999 |
0 |
|
|a Procedural law
|